Protection of the Reputation of a Legal Entity and Freedom of the Expression in the Context of “Media”

Koncept dobrého mena (dobrej povesti) legálnych osôb v súvislosti s právnymi predpismi v oblasti občianskeho práva a mediálneho práva. Interpretáciu legislatívy dopĺňa komplexná analýza súdnej judikatúry v tejto oblasti.

Gespeichert in:
Bibliographische Detailangaben
1. Verfasser: Gongol, Tomáš
Weitere Verfasser: Münster, Michael
Format: Buchkapitel
Sprache:Englisch
Schlagworte:
Tags: Tag hinzufügen
Keine Tags, Fügen Sie das erste Tag hinzu!

MARC

LEADER 00000naa a2200000 4500
001 0249752
005 20190109105116.8
041 0 |a eng 
044 |a CZ 
245 1 0 |a Protection of the Reputation of a Legal Entity and Freedom of the Expression in the Context of “Media”  |c Tomáš Gongol, Michael Münster 
520 |a Koncept dobrého mena (dobrej povesti) legálnych osôb v súvislosti s právnymi predpismi v oblasti občianskeho práva a mediálneho práva. Interpretáciu legislatívy dopĺňa komplexná analýza súdnej judikatúry v tejto oblasti. 
610 2 0 |a osoby právnické 
610 2 0 |a reputácia podniku 
610 2 0 |a médiá 
610 2 0 |a médiá sociálne 
610 2 0 |a sloboda informácií 
610 2 0 |a legislatíva 
610 2 0 |a informácie 
610 2 0 |a právo 
100 1 |a Gongol, Tomáš 
700 1 |a Münster, Michael